书目信息 |
| 题名: |
文官礼仪
|
|
| 作者: | 金正昆 主编 | |
| 分册: | ||
| 出版信息: | 北京 当代世界出版社 2000.08 |
|
| 页数: | 332页 | |
| 开本: | 32开 | |
| 丛书名: | ||
| 单 册: | ||
| 中图分类: | K879.226 , K892.26 | |
| 科图分类: | ||
| 主题词: | 文物--考古--中国 , 风俗习惯 | |
| 电子资源: | ||
| ISBN: | 7-80115-324-3 | |
| 000 | 00639nam0 2200229 45 | |
| 001 | 0008051725 | |
| 005 | 20010316153930.2 | |
| 010 | @a7-80115-324-3@d18.00元 | |
| 100 | @a20000805d2000 km y0chiy0120 ea | |
| 101 | 0 | @achi |
| 105 | @a z 000yy | |
| 200 | 1 | @a文官礼仪@AWen Guan Li Yi@f金正昆主编@FJin Zheng Kun Zhu Bian |
| 210 | @a北京@c当代世界出版社@d2000.08 | |
| 215 | @a332页@d32开 | |
| 606 | 0 | @a文物@x考古@x中国 |
| 606 | 0 | @a风俗习惯 |
| 690 | @aK879.226@v3 | |
| 690 | @aK892.26@v3 | |
| 701 | 0 | @a金正昆@4主编 |
| 801 | @aCN@bPftUser@c20000805 | |
| 905 | @b89996-000@dK892.26@eJ415@f5 | |
| 905 | @b89996-998@dK892.26@eJ415@f3 | |
| 文官礼仪/金正昆主编.-北京:当代世界出版社,2000.08 |
| 332页;32开 |
| ISBN 7-80115-324-3:18.00元 |
| ● |
| 相关链接 |
|
|
|
正题名:文官礼仪
索取号:K892.26/J415
 
预约/预借
| 序号 | 登录号 | 条形码 | 馆藏地/架位号 | 状态 | 备注 |
| 1 | 89996 | 200899965 | 社科库309/309社科库 11排2列1层/ [索取号:K892.26/J415] | 在馆 | |
| 2 | 89997 | 200899974 | 社科库309/309社科库 11排2列1层/ [索取号:K892.26/J415] | 在馆 | |
| 3 | 89998 | 200899983 | 社科库309/309社科库 11排2列1层/ [索取号:K892.26/J415] | 在馆 |